000 008540000a22002650004500
090 _aAS
_bSERIADAS
245 1 0 _aDiversity of Colombia Passifloraceae
_sbiogeography and an updated list of conservation
651 4 _pColombia
_992749
653 _fPassifloraceae
_vFlor de la pasión
690 _aBiogeografía
_992747
690 _aEspecies endémicas
_992935
690 _aEspecies amenazadas
_9157
690 _aNuevas especies
_992905
690 _aInteracción ecológica
_93589
041 0 _aInglés
044 _aColombia
700 1 _aCoppens d'Eeckenbrugger, Geo
_9100403
700 1 _aRestrepo, María
_9100404
700 1 _aJarvis, Andy
_9100405
700 1 _aSalazar, Mike
_9100406
700 1 _aCaetano, Creuci
_9100407
100 1 _aOcampo Pérez, John
_9100408
942 _cARTICULO
773 1 _tBiota Colombiana
_h1
_q1-45
_d2006
_g8
999 _c16230
_d16230